000 01006nam a22003017a 4500
003 URS
005 20260326151012.0
008 260319b |||||||| |||| 00| 0 eng d
020 _a9780415666688
_q(hbk)
020 _a9780415666695
_q(pbk)
020 _a9781315815084
_q(ebk)
040 _aDLC
_beng
_cDLC
_dURS
_erda
050 1 4 _aGT3405
_b.F8301 2013
100 1 _aFox, Dorothy
245 _a Doing events research:
_bfrom theory to practice/
_cDorothy Fox and three others.-
264 1 _aLondon:
_bRoutledge,
_cc2014.
300 _axi, 251 pages:
_billustrations (some colored);
_c25 cm
336 _2rdacontent
_atext
_btxt
337 _2rdanedia
_aunmediated
_bn
338 _2rdacarrier
_avolume
_bnc
500 _aIncludes glossary.
504 _aIncludes bibliographical references and index.
650 0 _aSpecial events--Research
700 1 _aGouthro, Mary Beth
700 1 _aMorakabati, Yeganeh
700 1 _aBrackstone, John
942 _2lcc
_cFR
_hGT3405
_i.F8301 2013
999 _c99241
_d99238